[Event "Chessable Masters Play In"]
[Site "Chess.com INT"]
[Date "2025.02.17"]
[Round "4"]
[White "Artemiev, Vladislav"]
[Black "Suyarov, Mukhammadzokhid"]
[Result "1-0"]
[WhiteElo "2691"]
[BlackElo "2465"]
[PlyCount "85"]
[EventDate "2025.02.17"]
[EventType "swiss (blitz)"]
[EventRounds "9"]
[EventCountry "USA"]
[SourceTitle "CB08_2025"]
[SourceDate "2025.02.19"]
[SourceVersion "1"]
[SourceVersionDate "2025.02.19"]
[SourceQuality "1"]

1. Nf3 Nf6 2. c4 e6 3. b3 d5 4. Bb2 b6 5. cxd5 exd5 6. g3 Bb7 7. Bg2 Bd6 8. 0-0 0-0 9. Nc3 a6 10. Rc1 Re8 11. e3 Nc6 12. a3 Ne5 13. Nxe5 Bxe5 14. Qc2 Qd7 15. Ne2 Bxb2 16. Qxb2 a5 17. Nf4 a4 18. b4 Ba6 19. Rfe1 Rad8 20. h4 Bb5 21. Qc2 Re7 22. Ne2 Bxe2 23. Rxe2 d4 24. Ree1 h6 25. Qc6 dxe3 26. dxe3 Qxc6 27. Bxc6 g6 28. Red1 Rxd1+ 29. Rxd1 Kg7 30. Rc1 Ne8 31. Bxa4 Nd6 32. Bc6 Re5 33. a4 Kf6 34. Kf1 Ke7 35. Ke2 Kd8 36. Kd3 Kc8 37. e4 f5 38. Kd4 Re7 39. e5 Nf7 40. f4 Nd8 41. a5 bxa5 42. bxa5 Re6 43. Kd5 1-0